THE UL31 TO UL35 GENE SEQUENCES OF DUCK ENTERITIS VIRUS CORRESPOND TO THEIR HOMOLOGS IN HERPES SIMPLEX VIRUS 1

Bibliographic Details
Main Authors: Li, H. (Author), An, R. (Author), Liu, S. (Author), Kong, X. (Author), Shao, Y. (Author), Han, Z. (Author)
Format: Article
Language:English

MARC

LEADER 00000nab a2200000ua 4500
001 vtls010786906
003 SK-MaSNL
005 20260303152304.0
008 230222s2008 xo |||||||||||||||||eng|
035 |a (urnnbn)urn:nbn:sk:snk:ar-a029eu 
035 |a (uuid)b248ad35-27bd-48cd-a50c-481a1060c527 
035 |a urn:nbn:sk:snk-ab4ibn 
040 |a SNKBUCL  |b slo  |c SNKBUCL  |e AACR2 
041 0 |a eng 
044 |a xo  |c SK 
100 1 |a Li, H.  |4 aut  |9 821385 
245 1 0 |a THE UL31 TO UL35 GENE SEQUENCES OF DUCK ENTERITIS VIRUS CORRESPOND TO THEIR HOMOLOGS IN HERPES SIMPLEX VIRUS 1  |c H. Li, R. An, S. Liu, X. Kong, Y. Shao, Z. Han 
700 1 |a An, R.  |4 aut  |9 1172688 
700 1 |a Liu, S.  |4 aut  |9 842606 
700 1 |a Kong, X.  |4 aut  |9 1172689 
700 1 |a Shao, Y.  |4 aut  |9 1166047 
700 1 |a Han, Z.  |4 aut  |9 1172690 
773 0 |t Acta virologica : international journal  |g Roč. 52, č. 1 (2008), s. 23-30 
958 |a OND 
958 |a EUIPO 
958 |a article3 
999 |c 2022621  |d 2024551